000 00444nam a2200193Ia 4500
005 20240823051342.0
008 240823s9999||||xx |||||||||||||| ||und||
020 _a978-81-264-3469-5
041 _aMALAYALAM
082 _A891.453 Q2
100 _aIndugopan G R
245 0 _aRathriyiloru Cyclewala
250 _a1st
260 _c2012
_b"D C Books,Kot"
500 _aLOST
650 _aNovel
_bEnglish
942 _cBK
999 _c219394
_d219394